Ultimate Black Clover Trivia - Statistics

General Stats
  • This quiz has been taken 193 times
  • The average score is 17 of 46
Answer Stats
Hint Answer % Correct
Main Character Asta
100%
Uses Wind Magic; MC's Rival Yuno
97%
Uses Water Magic; In love with the MC Noelle Silva
67%
Captain of the Black Bulls Yami Sukehiro
61%
Yuno has a _ Leaf Grimoire 4
59%
Asta has a _ Leaf Grimoire 5
59%
Black Bull Luck
57%
Black Bull Magna
55%
Black Bull Vanessa
53%
Black Bull Charmy
47%
Asta's Crush Sister Lily
47%
Captain of the Golden Dawn William Vangeance
45%
Black Bull Grey
44%
Name of Asta's Demon Liebe
44%
Leader of the Elves Licht
43%
Name of Opening 3 Black Rover
41%
Black Bull Finral
41%
Black Bull Gordon
41%
Black Bull Gauche
40%
Black Bull Henry
39%
Name of Opening 10 Black Catcher
37%
Black Bull Nacht
37%
Answer 2's last name Grinberryal
35%
Golden Dawn Member: Uses Healing Mimosa Vermillion
35%
Black Bull Zora
33%
Captain of the Crimson Lions Fuegoleon Vermillion
32%
Answer 38's Little Brother Leopold Vermillion
28%
Answer 38's Sister Mereoleona Vermillion
27%
Member of the Third Eye Fana
26%
Member of the Third Eye Vetto
26%
Real Identity of Answer 34 Patry
25%
Member of the Third Eye Rhya
24%
Name of Opening 1 Haruka mirai
23%
Name of Opening 2 Paint It Black
23%
Girl asta met at the Mixer Rebecca
23%
Name of Opening 13 Grandeur
20%
Name of Opening 4 Guess Who Is Back
19%
Answer 1's Last name Staria
18%
Name of Opening 8 Sky and Blue
16%
Name of Opening 7 JustadIce
14%
Name of Opening 12 Everlasting Shine
13%
Name of Opening 5 Gamushara
13%
Name of Opening 9 Right Now
13%
Name of Opening 11 Stories
11%
Golden Dawn Member: Uses Steel Magic Klaus Lunettes
9%
Name of Opening 6 Rakugaki Paige
3%
No matching quizzes found
Score Distribution
Percent of People with Each Score
Percentile by Number Answered
Your Score History
You have not taken this quiz